Score 0/42 Timer 04:00
2 Plays Today
% Correct
I Just Can't Wait to Be King
74.4%
The Bare Necessities
73.1%
Bibbidi-Bobbidi-Boo
72.4%
Cruella De Vil
71.7%
Whistle While You Work
68.8%
You Can Fly! You Can Fly! You Can Fly!
68.6%
Arabian Nights
67.7%
You'll Be in My Heart
67.4%
Once Upon a Dream
66.9%
Gaston
65.4%
Friend Like Me
65.1%
Be Prepared
60.8%
Pink Elephants on Parade
59.3%
Bella Notte
57.4%
Honor to Us All
53.9%
The Aristocats
53.8%
Hawaiian Roller Coaster Ride
53.8%
Best of Friends
52.1%
Strangers Like Me
51.7%
Give a Little Whistle
51.3%
Why Should I Worry?
50.6%
% Correct
Oo-de-lally
50.4%
I've Got a Dream
50.4%
Scales and Arpeggios
49%
Almost There
48.6%
What Makes the Red Man Red?
48.2%
Steady as the Beating Drum
46.7%
Topsy Turvy
46.3%
Little April Shower
46.2%
Mine, Mine, Mine
45.9%
Out There
45.3%
A Star Is Born
45.2%
Higitus Figitus
43.4%
In a World of My Own
40.1%
The Silly Song
39.1%
Fathoms Below
38.1%
The World's Greatest Criminal Mind
36.9%
Streets of Gold
35.5%
One Last Hope
35.4%
Look Through My Eyes
35%
My Funny Friend and Me
32.6%
Love
29.1%
Remove Ads.
Support Sporcle.
Get the best of Sporcle when you Go Orange. This ad-free experience offers more features, more stats, and more fun while also helping to support Sporcle. Thank you for becoming a member.

You're not logged in!

Compare scores with friends on all Sporcle quizzes.
OR
Log In

Show Comments

Extras

Top Quizzes Today


Score Distribution

Your Account Isn't Verified!

In order to create a playlist on Sporcle, you need to verify the email address you used during registration. Go to your Sporcle Settings to finish the process.

Report this User

Report this user for behavior that violates our Community Guidelines.

Details: